|
|
|
|
| LEADER |
00000nam a22000007a 4500 |
| 005 |
20210517221823.0 |
| 007 |
cr|||| |||| |
| 008 |
210517s2020 co |||||s|||| 00||0 spa d |
| 020 |
|
|
|a 978-958-792-140-3
|
| 035 |
|
|
|a 33445
|
| 040 |
|
|
|a vLex
|
| 090 |
|
|
|c 11703
|d 11703
|
| 100 |
1 |
|
|a Grajales Londoǫ, Gherson
|
| 245 |
1 |
0 |
|a Estatuto Tributario Contextualizado NIF
|h [Recurso electrn̤ico] :
|b Ley de Crecimiento Econm̤ico y decretos reglamentarios /
|c Gherson Grajales Londoǫ, Luz Deicy Agudelo Giraldo
|
| 256 |
|
|
|a Servicio en ln̕ea
|
| 260 |
|
|
|a Bogot:̀
|b Ediciones de la U,
|c 2020
|
| 300 |
|
|
|a 1 recurso electrn̤ico
|
| 500 |
|
|
|a La relevancia de la reforma tributaria corresponde a la ampliacin̤ de las bases fiscales, la cual se desarrolla al final de la primera parte de esta publicacin̤ previo recorrido por los fundamentos de la teora̕ del derecho tributario, donde son esenciales para comprender el discurso de la contabilidad tributaria enmarcada por la praxis de los estados capitalistas, por tanto se cree que el empresario contribuye o tributa pero es sl̤o un agente del estado o sujeto pasivo encargado de consolidar el recaudo del tributo, generando la percepcin̤ de tener a cargo la obligacin̤ tributaria cuando en realidad tiene la responsabilidad de reintegrar los tributos recaudados del consumidor final, quien realmente asume el ciento por ciento de la carga impositiva del Estado.
|
| 506 |
1 |
|
|a Disponible solo en los productos indicados
|d vLex Global
|d vLex Global (Academic Edition, excluding Law Schools)
|d vLex Global (U.S. Academic Edition, Law Schools)
|d vLex Global (U.S. Academic Edition, excluding Law Schools)
|d vLex Global (Academic Edition, Law Schools)
|
| 650 |
0 |
4 |
|a Contabilidad
|z Colombia
|
| 650 |
0 |
4 |
|a Banca y finanzas
|z Colombia
|
| 700 |
1 |
|
|a Agudelo Giraldo, Luz Deicy
|
| 740 |
0 |
|
|a vLex Libros (Servicio en ln̕ea)
|
| 856 |
4 |
0 |
|u https://vlex.com/source/estatuto-tributario-contextualizado-nif-ley-de-crecimiento-economico-y-decretos-reglamentarios-33445
|z Acceso restringido
|
| 942 |
|
|
|c BOOK
|
| 999 |
0 |
|
|a Accounting
|
| 999 |
0 |
|
|a Banking and finance
|